WWE WrestleMania Locations - Statistics

General Stats
  • This quiz has been taken 1,382 times
    613 since last reset
  • The average score is 35 of 43
Answer Stats
WrestleMania Year Arena State / Province City % Correct
I 1985 Madison Square Garden New York New York City
97%
X 1994 Madison Square Garden New York New York City
97%
XX 2004 Madison Square Garden New York New York City
97%
IX 1993 Caesars Palace Nevada Las Vegas
95%
41 2025 Allegiant Stadium Nevada Las Vegas
95%
II 1986 Memorial Sports Arena California Los Angeles
95%
VII 1991 Memorial Sports Arena California Los Angeles
95%
21 2005 Staples Center California Los Angeles
95%
39 2023 SoFi Stadium California Los Angeles
95%
II 1986 Rosemont Horizon Illinois Chicago
93%
13 1997 Rosemont Horizon Illinois Chicago
93%
22 2006 Allstate Arena Illinois Chicago
93%
29 2013 MetLife Stadium New Jersey East Rutherford
91%
35 2019 MetLife Stadium New Jersey East Rutherford
91%
32 2016 AT&T Stadium Texas Arlington
89%
38 2022 AT&T Stadium Texas Arlington
89%
II 1986 Nassau Coliseum New York Uniondale
89%
XXVIII 2012 Sun Life Stadium Florida Miami
87%
XXX 2014 Mercedes-Benz Superdome Louisiana New Orleans
85%
34 2018 Mercedes-Benz Superdome Louisiana New Orleans
85%
XV 1999 First Union Center Pennsylvania Philadelphia
85%
XL 2024 Lincoln Financial Field Pennsylvania Philadelphia
85%
III 1987 Pontiac Silverdome Michigan Detroit
84%
23 2007 Ford Field Michigan Detroit
84%
XXIV 2008 Citrus Bowl Florida Orlando
84%
33 2017 Camping World Stadium Florida Orlando
84%
36 2020 WWE Performance Center Florida Orlando
84%
VI 1990 SkyDome Ontario, Canada Toronto
84%
X-8 2002 SkyDome Ontario, Canada Toronto
84%
XXVII 2011 Georgia Dome Georgia Atlanta
83%
X-Seven 2001 Reliant Astrodome Texas Houston
81%
XXV 2009 Reliant Stadium Texas Houston
81%
XXVI 2010 UoP Stadium Arizona Phoenix
78%
31 2015 Levi's Stadium California Santa Clara
78%
XIV 1998 FleetCenter Massachusetts Boston
77%
XIX 2003 Safeco Field Washington Seattle
76%
37 2021 Raymond James Stadium Florida Tampa Bay
76%
VIII 1992 Hoosier Dome Indiana Indianapolis
72%
XI 1995 Civic Center Connecticut Hartford
51%
IV 1988 Trump Plaza New Jersey Atlantic City
49%
V 1989 Trump Plaza New Jersey Atlantic City
49%
XII 1996 Arrowhead Pond California Anaheim
48%
16 2000 Arrowhead Pond California Anaheim
48%
No matching quizzes found
Score Distribution
Percent of People with Each Score
Percentile by Number Answered
Your Score History
You have not taken this quiz since the last reset